000 01063nam a2200193 4500
001 7736
005 20181127184240.0
020 0 0 _a9789834400408
082 _a658
_b
_2
100 0 0 _aAgensi Kaunseling dan Pengurusan Kredit.
245 0 0 _aMoney sense :
_bgetting smart with your money /
_cAgensi Kaunseling dan Pengurusan Kredit.
_h
260 0 0 _aKuala Lumpur :
_bAgensi Kaunseling dan Pengurusan Kredit,
_c2008.
300 0 0 _a138 pages : color illustrations ; 21 cm
505 _aPart A -- Getting Started : Chapter 1 Why everyone needs financial planning; Chapter 2 Power from your money; Chapter 3 Financial products and services -- Part B -- Achieving Your Dreams : Chapter 4 Building your wealth; Chapter 5 Planning for uncertainties -- Part C -- Managing Debt : Chapter 6 Borrowing basics -- Part D -- Real-life Strategies : Chapter 7 Living your life; Chapter 8 Getting out of financial trouble.
_g
_r
_t
650 0 0 _aCredit -- Management.
_x
650 0 0 _aDebt -- Management.
_x
650 0 0 _aFinance, Personal.
_x
999 _c6638
_d6638